Akbar Allahabadi: Ek Samaji‑Siyasi Mutala/ (Record no. 614199)
[ view plain ]
| 000 -LEADER | |
|---|---|
| fixed length control field | 00654nam a22001697a 4500 |
| 082 ## - DEWEY DECIMAL CLASSIFICATION NUMBER | |
| Classification number | 891.4393 |
| Author Mark | ZAF |
| 100 ## - MAIN ENTRY--PERSONAL NAME | |
| Personal name | Zafar, Dr. Afsah |
| 245 ## - TITLE STATEMENT | |
| Title | Akbar Allahabadi: Ek Samaji‑Siyasi Mutala/ |
| Statement of responsibility, etc. | Dr. Afsah Zafar |
| 260 ## - PUBLICATION, DISTRIBUTION, ETC. | |
| Place of publication, distribution, etc. | Lahore: |
| Name of publisher, distributor, etc. | Darul Shaour, |
| Date of publication, distribution, etc. | 2015. |
| 300 ## - PHYSICAL DESCRIPTION | |
| Extent | 280p. : |
| Dimensions | 26cm. |
| 563 ## - BINDING INFORMATION | |
| Binding note | HB |
| 650 ## - SUBJECT ADDED ENTRY--TOPICAL TERM | |
| Topical term or geographic name entry element | Life and Times of Akbar Allahabadi |
| 880 ## - ALTERNATE GRAPHIC REPRESENTATION | |
| Linkage | 100-01\(3\r |
| Title | ڈاکٹر افصح ظفر |
| 880 ## - ALTERNATE GRAPHIC REPRESENTATION | |
| Linkage | 245-02\(3\r |
| Title | اکبر الہٰ آبادی: ایک سماجی و سیاسی مطالعہ/ |
| b | ڈاکٹر افصح ظفر |
| 880 ## - ALTERNATE GRAPHIC REPRESENTATION | |
| Linkage | 260-03\(3\r |
| Title | لاہور: |
| b | دارُ الشعور, |
| c | 2015. |
| 942 ## - ADDED ENTRY ELEMENTS (KOHA) | |
| Source of classification or shelving scheme | |
| Koha item type | Book |
| 650 ## - SUBJECT ADDED ENTRY--TOPICAL TERM | |
| -- | 129579 |
| Withdrawn status | Lost status | Source of classification or shelving scheme | Damaged status | Not for loan | Permanent Location | Current Location | Date acquired | Total Checkouts | Full call number | Barcode | Date last seen | Price effective from | Koha item type |
|---|---|---|---|---|---|---|---|---|---|---|---|---|---|
| Central Library (CL) | Central Library (CL) | 07/10/2025 | 891.4393 ZAF | CL-D-2781 | 07/10/2025 | 07/10/2025 | Book |
